| 000 | 00934nam a2200301I 4500 | ||
|---|---|---|---|
| 999 |
_c8519 _d8519 |
||
| 001 | 8519 | ||
| 003 | BD - JhCC | ||
| 005 | 20200405134007.0 | ||
| 008 | 180918s2011 0 eng c | ||
| 035 |
_aMITb10010199 _a(BD - JhCC)8519 |
||
| 035 | _a(OCoLC)01101020 | ||
| 035 | _aGLIS00010199 | ||
| 040 |
_aU of Texas at Dallas _dBD-JhCC |
||
| 041 | _aeng | ||
| 082 |
_bRAH 2011 _a515 |
||
| 090 |
_aQA303 _b.N734 1966 |
||
| 099 | _aQA303.N734 1966 | ||
| 245 | 1 | 0 |
_aAdvanced Calculus : _bdifferential and integral / _cMd. Fazlur Rahman, ...[et. all] |
| 250 | _a2d ed. | ||
| 260 |
_aPrinceton, N.J. _bVan Nostrand _c2011 |
||
| 300 |
_aviii, 202 p. _billus. _c24 cm. |
||
| 490 | 1 | _aUniversity series in undergraduate mathematics | |
| 650 | 0 | _aCalculus. | |
| 700 | _aRahman, Md. Fazlur | ||
| 830 | 0 | _aUniversity series in undergraduate mathematics. | |
| 942 |
_2ddc _cBK _02 |
||